The essence of program design /

Salvato in:
Dettagli Bibliografici
Autori principali: Bell, Douglas (Autore), Morrey, Ian (Autore), Pugh, John (Autore)
Natura: Libro
Lingua:inglese
Pubblicazione: London : Prentice Hall, 1997
Soggetti:
Tags: Aggiungi Tag
Nessun Tag, puoi essere il primo ad aggiungerne!!

MARC

LEADER 00000nam a22000003a 4500
001 stu10435
005 20200914105121.0
008 980113s1997----uk------------------eng-d
020 |a 0-13-367806-7 
040 |a STU  |b slo 
041 0 |a eng 
044 |a uk 
080 |a 681.32.06 
080 |a 519.683 
084 |a C6110  |2 INS 
100 1 |a Bell, Douglas  |4 aut 
245 1 |a The essence of program design /  |c [aut.] Bell,Douglas; Morrey,Ian; Pugh,John 
260 |a London :  |b Prentice Hall,  |c 1997 
300 |a 194 s 
650 7 |a programovanie  |2 stusub 
650 7 |a programovacie metódy  |2 stusub 
650 7 |a softvérové inžinierstvo  |2 stusub 
700 1 |a Morrey, Ian  |4 aut 
700 1 |a Pugh, John  |4 aut 
996 |b 284IK06277  |c I*21TP5148  |l II680  |s A  |a 24  |w stu10435_0001